000 01163cam a2200277 a 4500
001 000007319
005 20200929154131.0
008 960122s1994 ck a 000 0 spa d
020 _a9586121755
040 _aDO-SdBNP
_bspa
_cLC
_dBNPHU
082 _a910.9861
_bS488v
100 1 _aSerret, Félix
_920348
245 1 0 _aViaje a Colombia 1911-1912 /
_cFélix Serret ; traducción y prólogo Luis Carlos Mantilla R.
260 _aBogotá :
_bPresidencia de la República;
_bComisión Preparatoria para el V Centenario del Descubrimiento de América;
_bInstituto Colombiano de Cultura;
_bBiblioteca Nacional de Colombia,
_c1994.
300 _a294 p. :
_bil., ;
_c24 cm.
490 1 _aBiblioteca V Centenario Colcultura. Viajeros por Colombia
651 4 _aColombia
_xDescripciones Y Viajes
_916997
651 4 _aColombia
_xHistoria
_y1903-1946
_920349
651 4 _aColombia
_xVida Social Y Costumbres
_918000
700 1 _aMantilla R., Luis Carlos,
_etr.
_920350
830 0 _aBanco de la República
_920314
830 0 _aBiblioteca V Centenario Colcultura :
_pViajeros por Colombia
_920309
910 _aCatalogación por copia / LC
910 _aWM
049 _aBNGR
999 _c7100
_d7100